000 01411nab a2200241 i 4500
001 768714001
003 CO-MdFUSB
005 20240627081245.0
008 240627t1996 us ||||| |||| 00| 0 eng d
040 _bspa
_cCO-MdFUSB
_dCO-MdFUSB
041 _aeng
100 _aNeely, Alan,
_d1928-2003
_eautor
245 1 _aImages :
_bmission and missionaries in contemporary fiction and cinema
_c/ Alan Neely
520 _aDurante el presente siglo, la misión y los misioneros han sido tema de un número significativo de novelistas y guionistas del siglo XX. Desde la publicación en 1921 del cuento “Rain” de Somerset Maughm hasta la novela The Call de John Hersey de 1985, ha habido un flujo constante de representaciones ficticias y cuasificticias de misioneros católicos y protestantes, algunos los ensalzan, otros no. La mayoría de estas obras de ficción se han convertido en películas. Este ensayo representa un intento de inventariar y analizar los contenidos de estas representaciones literarias y cinematográficas.
546 _aTexto en inglés.
650 0 _aMisiones
_9154
650 7 _aMisioneros
_9931
650 7 _aArte y religión
_96946
650 7 _aHermenéutica
_9418
773 0 _049486
_961114
_d Pasadena
_oR0900
_tMissiology:
_w(CO-MdFUSB)97
_gVolumen 24, (número 4, 1996) páginas: 451 - 478
_qpágina: 451
942 _cANA
945 _aCatherine Arias Álvarez - Practicante SENA
999 _c70383
_d70383